Kpop Demon Hunters Songs - Sudden Death - Statistics

General Stats
  • This quiz has been taken 1,578 times
  • The average score is 6 of 7
Answers on the Grid
Answers color-coded by a green-red scale on the quiz's grid according to % correct below.
How it's done
Soda Pop
Golden
Takedown
Strategy
Your Idol
Free
Farted In The Elevator
Hide it
Patterns
 
Answer Stats
Answer % Correct
Golden
95%
Soda Pop
94%
Takedown
93%
Your Idol
93%
How it's done
90%
Free
84%
Strategy
72%
No matching quizzes found
Score Distribution
Percent of People with Each Score
Percentile by Number Answered
Your Score History
You have not taken this quiz